000
00240nam a2200097Ia 4500
008
230907s9999||||xx |||||||||||||| ||und||
082
_a
1.42
_b
RES
245
0
_a
Research methods for postgraduates /
300
_a
xx, 496 pages :
942
_c
BK
999
_c
600370
_d
600370